Satellite Image Analysis: Clustering and Classification

Thanks to recent advances in sensors, communication and satellite technology, data storage, processing and networking capabilities, satellite image acquisition and mining are now on the rise. In turn, satellite images play a vital role in providing essential geographical information. Highly accurate...

Full description

Bibliographic Details
Main Authors: Borra, Surekha (Author, http://id.loc.gov/vocabulary/relators/aut), Thanki, Rohit (http://id.loc.gov/vocabulary/relators/aut), Dey, Nilanjan (http://id.loc.gov/vocabulary/relators/aut)
Corporate Author: SpringerLink (Online service)
Format: Electronic eBook
Language:English
Published: Singapore : Springer Singapore : Imprint: Springer, 2019.
Edition:1st ed. 2019.
Series:SpringerBriefs in Computational Intelligence,
Subjects:
Online Access:Full Text via HEAL-Link
LEADER 03580nam a2200565 4500
001 978-981-13-6424-2
003 DE-He213
005 20191024072203.0
007 cr nn 008mamaa
008 190208s2019 si | s |||| 0|eng d
020 |a 9789811364242  |9 978-981-13-6424-2 
024 7 |a 10.1007/978-981-13-6424-2  |2 doi 
040 |d GrThAP 
050 4 |a TK5102.9 
050 4 |a TA1637-1638 
072 7 |a TTBM  |2 bicssc 
072 7 |a TEC008000  |2 bisacsh 
072 7 |a TTBM  |2 thema 
072 7 |a UYS  |2 thema 
082 0 4 |a 621.382  |2 23 
100 1 |a Borra, Surekha.  |e author.  |4 aut  |4 http://id.loc.gov/vocabulary/relators/aut 
245 1 0 |a Satellite Image Analysis: Clustering and Classification  |h [electronic resource] /  |c by Surekha Borra, Rohit Thanki, Nilanjan Dey. 
250 |a 1st ed. 2019. 
264 1 |a Singapore :  |b Springer Singapore :  |b Imprint: Springer,  |c 2019. 
300 |a XVI, 97 p. 53 illus., 22 illus. in color.  |b online resource. 
336 |a text  |b txt  |2 rdacontent 
337 |a computer  |b c  |2 rdamedia 
338 |a online resource  |b cr  |2 rdacarrier 
347 |a text file  |b PDF  |2 rda 
490 1 |a SpringerBriefs in Computational Intelligence,  |x 2625-3704 
505 0 |a Preface -- Introduction -- Image Pre-processing Techniques -- Satellite Image Clustering -- Satellite Image Classification -- Applied Examples -- Conclusion. 
520 |a Thanks to recent advances in sensors, communication and satellite technology, data storage, processing and networking capabilities, satellite image acquisition and mining are now on the rise. In turn, satellite images play a vital role in providing essential geographical information. Highly accurate automatic classification and decision support systems can facilitate the efforts of data analysts, reduce human error, and allow the rapid and rigorous analysis of land use and land cover information. Integrating Machine Learning (ML) technology with the human visual psychometric can help meet geologists' demands for more efficient and higher-quality classification in real time. This book introduces readers to key concepts, methods and models for satellite image analysis; highlights state-of-the-art classification and clustering techniques; discusses recent developments and remaining challenges; and addresses various applications, making it a valuable asset for engineers, data analysts and researchers in the fields of geographic information systems and remote sensing engineering. 
650 0 |a Signal processing. 
650 0 |a Image processing. 
650 0 |a Speech processing systems. 
650 0 |a Electrical engineering. 
650 0 |a Optical data processing. 
650 1 4 |a Signal, Image and Speech Processing.  |0 http://scigraph.springernature.com/things/product-market-codes/T24051 
650 2 4 |a Communications Engineering, Networks.  |0 http://scigraph.springernature.com/things/product-market-codes/T24035 
650 2 4 |a Image Processing and Computer Vision.  |0 http://scigraph.springernature.com/things/product-market-codes/I22021 
700 1 |a Thanki, Rohit.  |e author.  |4 aut  |4 http://id.loc.gov/vocabulary/relators/aut 
700 1 |a Dey, Nilanjan.  |e author.  |4 aut  |4 http://id.loc.gov/vocabulary/relators/aut 
710 2 |a SpringerLink (Online service) 
773 0 |t Springer eBooks 
776 0 8 |i Printed edition:  |z 9789811364235 
776 0 8 |i Printed edition:  |z 9789811364259 
830 0 |a SpringerBriefs in Computational Intelligence,  |x 2625-3704 
856 4 0 |u https://doi.org/10.1007/978-981-13-6424-2  |z Full Text via HEAL-Link 
912 |a ZDB-2-ENG 
950 |a Engineering (Springer-11647)